Blood beast / (Record no. 234729)

000 -LEADER
fixed length control field 01506cam a2200373 a 4500
001 - CONTROL NUMBER
control field 14951252
003 - CONTROL NUMBER IDENTIFIER
control field NUST
005 - DATE AND TIME OF LATEST TRANSACTION
control field 20240417124455.0
008 - FIXED-LENGTH DATA ELEMENTS--GENERAL INFORMATION
fixed length control field 070802r20072007nyu d 000 1 eng
010 ## - LIBRARY OF CONGRESS CONTROL NUMBER
LC control number 2007028108
020 ## - INTERNATIONAL STANDARD BOOK NUMBER
International Standard Book Number 0316003778 (hardcover)
020 ## - INTERNATIONAL STANDARD BOOK NUMBER
International Standard Book Number 9780316003773 (hardcover)
035 ## - SYSTEM CONTROL NUMBER
System control number (OCoLC)ocn154698247
035 ## - SYSTEM CONTROL NUMBER
System control number (OCoLC)154698247
040 ## - CATALOGING SOURCE
Original cataloging agency DLC
Transcribing agency DLC
Modifying agency IG#
-- BTCTA
-- BAKER
-- BIB
-- UPZ
-- EHH
-- DLC
042 ## - AUTHENTICATION CODE
Authentication code lcac
050 00 - LIBRARY OF CONGRESS CALL NUMBER
Classification number PZ7.S52823
Item number Bl 2007
082 00 - DEWEY DECIMAL CLASSIFICATION NUMBER
Classification number 823.92
Author Mark SHA
100 1# - MAIN ENTRY--PERSONAL NAME
Personal name Shan, Darren.
9 (RLIN) 14161
245 10 - TITLE STATEMENT
Title Blood beast /
Statement of responsibility, etc. by Darren Shan.
250 ## - EDITION STATEMENT
Edition statement 1st U.S. ed.
260 ## - PUBLICATION, DISTRIBUTION, ETC.
Place of publication, distribution, etc. New York :
Name of publisher, distributor, etc. Little, Brown,
Date of publication, distribution, etc. 2007.
300 ## - PHYSICAL DESCRIPTION
Extent 217 p. ;
Dimensions 22 cm.
490 0# - SERIES STATEMENT
Series statement The Demonata series ;
Volume/sequential designation bk. 5
520 ## - SUMMARY, ETC.
Summary, etc. When he begins experiencing alarming symptoms at the onset of the full moon, Grubbs Grady, who has so far escaped his family curse, fears that he is turning into a werewolf.
650 #1 - SUBJECT ADDED ENTRY--TOPICAL TERM
Topical term or geographic name entry element Demonology
Form subdivision Fiction.
9 (RLIN) 12042
650 #1 - SUBJECT ADDED ENTRY--TOPICAL TERM
Topical term or geographic name entry element Werewolves
Form subdivision Fiction.
9 (RLIN) 12823
650 #1 - SUBJECT ADDED ENTRY--TOPICAL TERM
Topical term or geographic name entry element Horror stories.
9 (RLIN) 14162
856 42 - ELECTRONIC LOCATION AND ACCESS
Materials specified Contributor biographical information
Uniform Resource Identifier <a href="http://www.loc.gov/catdir/enhancements/fy0808/2007028108-b.html">http://www.loc.gov/catdir/enhancements/fy0808/2007028108-b.html</a>
856 42 - ELECTRONIC LOCATION AND ACCESS
Materials specified Publisher description
Uniform Resource Identifier <a href="http://www.loc.gov/catdir/enhancements/fy0808/2007028108-d.html">http://www.loc.gov/catdir/enhancements/fy0808/2007028108-d.html</a>
906 ## - LOCAL DATA ELEMENT F, LDF (RLIN)
a 7
b cbc
c orignew
d 1
e ecip
f 20
g y-gencatlg
942 ## - ADDED ENTRY ELEMENTS (KOHA)
Source of classification or shelving scheme
Koha item type Book
Holdings
Withdrawn status Lost status Source of classification or shelving scheme Damaged status Not for loan Permanent Location Current Location Shelving location Date acquired Full call number Barcode Date last seen Copy number Price effective from Koha item type Total Checkouts
          Central Library (CL) Central Library (CL) Fiction 03/30/2017 823.92 SHA CL1056 06/14/2024 1 03/30/2017 Book  
          Central Library (CL) Central Library (CL) Fiction 04/17/2024 823.92 SHA CL1460 04/17/2024   04/17/2024 Book  
© 2023 Central Library, National University of Sciences and Technology. All Rights Reserved.